Finančný majetok podnikateľov

Finančný majetok podnikateľa, poukázanie na rôzne skutočnosti, ktoré vznikajú pri obstarávaní a nakladaní s takýmto majetkom, na spôsob účtovania podľa účtovných predpisov v nadväznosti na právnu úpravu finančného majetku v príslušných hmotnoprávnych predpisoch.

Na minha lista:
Detalhes bibliográficos
Autor principal: Kaletová, Viera
Formato: Capítulo de Livro
Idioma:eslovaco
Assuntos:
Tags: Adicionar Tag
Sem tags, seja o primeiro a adicionar uma tag!

MARC

LEADER 00000naa$a2200000$$$4500
001 0075630
005 20231114100103.1
041 0 |a slo 
044 |a SK 
245 1 0 |a Finančný majetok podnikateľov  |c Viera Kaletová 
520 |a Finančný majetok podnikateľa, poukázanie na rôzne skutočnosti, ktoré vznikajú pri obstarávaní a nakladaní s takýmto majetkom, na spôsob účtovania podľa účtovných predpisov v nadväznosti na právnu úpravu finančného majetku v príslušných hmotnoprávnych predpisoch. 
610 2 0 |a podnikatelia 
610 2 0 |a majetok finančný 
610 2 0 |a oceňovanie 
610 2 0 |a účtovanie 
610 2 0 |a papiere cenné 
610 2 0 |a dane 
610 2 0 |a úpravy právne 
100 1 |a Kaletová, Viera